Culture Générale - Série 2413 - Statistiques

Statistiques générales
  • Ce quiz a été pris 135 fois
  • Le résultat moyen est 3 sur 10
Statistiques - réponses
Question Réponse % Correct
Confiserie faite d'une fine pâte de melon confit et d'amandes, spécialité d'Aix-en-Provence calisson
76%
Quel mot familier désigne la jambe ? 7 lettres commençant par " g " guibole
62%
Quel philosophe a écrit en1781 "Critique de la raison pure" ? Kant
58%
Quelle ville de la région Grand Est a comme spécialité un biscuit rose ? Reims
44%
Vase sacré en forme de coupe, où l'on conserve les hosties. ciboire
25%
Dans quel département français se situe la plaine de la Crau ? Bouches-du-Rhône
21%
Quel philosophe a écrit en 1887 "Généalogie de la morale" ? Nietzsche
12%
Quel fut le premier roi des Hébreux ? Saül
8%
Coiffure militaire, de forme tronconique, portée notamment par les gardes républicains et les saint-cyriens - voir photo shako
4%
Quel est le contraire de symbiose ? antibiose
3%
Aucun quiz correspondant
Distribution des résultats
% des personnes avec chaque résultat
Percentile par nombre de réponses
Votre historique - résultats
Vous n’avez pas pris ce quiz